ბათუმის შოთა რუსთაველის სახელმწიფო უნივერსიტეტის ბიბლიოთეკა

ციტრუსების მავნებლები და მათი ენტომოფაგები / (ბიბ.ჩანაწერი № 35402)

000 -ლიდერი
ფიქსირებული სიგრძის საკონტროლო ველი 01077nam a2200253Ia 4500
001 - საკონტროლო ნომერი
საკონტროლო ველი 1256
003 - საკონტროლო ნომრის იდენტიფიკატორი
საკონტროლო ველი GE_BSU
005 - ბოლო ოპერაციის თარიღი და დრო
საკონტროლო ველი 20250613150154.0
008 - ფიქსირებული სიგრძის მონაცემთა ელემენტები - ზოგადი ინფორმაცია
ფიქსირებული სიგრძის საკონტროლო ველი 181216s2010||||ge |||||||||||||| ||geo||
020 ## - წიგნის საერთაშორისო სტანდარტული ნომერი
International Standard Book Number 15122743
040 ## - კატალოგიზაციის წყარო
Transcribing agency GE_BSU
041 ## - ენის კოდი
Language code of text/sound track or separate title geo
080 ## - უნივერსალური ათობითი კლასიფიკაციის ინდექსი
Universal Decimal Classification number 632 ც–75
245 ## - ცნობა სათაურის შესახებ
Title ციტრუსების მავნებლები და მათი ენტომოფაგები /
Statement of responsibility, etc ავტორები : გ. ალექსიძე, ა. მურვანიძე, ო. შაინიძე, ნ. ჭანუყვაძე.
264 ## - წარმოების, გამოცემის, დისტრიბუციის და სხვა ცნობები
გამოცემის, წარმოების, დისტრიბუციის... ადგილი თბილისი,
გამოცემის, წარმოების, დისტრიბუციის... თარიღი 2010.
300 ## - ფიზიკური აღწერა
Extent 53 გვ. ;
Other physical details 20 სმ.
653 ## - INDEX TERM--UNCONTROLLED
Uncontrolled term ციტრუსების მავნებლები
700 ## - ADDED ENTRY--PERSONAL NAME
Personal name ალექსიძე, გ.
Relator term ავტორი
9 (RLIN) 11244
700 ## - ADDED ENTRY--PERSONAL NAME
Personal name მურვანიძე, ა.
Relator term ავტორი
9 (RLIN) 1804
700 ## - ADDED ENTRY--PERSONAL NAME
Personal name შაინიძე, ო.
Relator term ავტორი
9 (RLIN) 25415
700 ## - ADDED ENTRY--PERSONAL NAME
Personal name ჭანუყვაძე, ნ.
Relator term ავტორი
9 (RLIN) 25416
942 ## - ADDED ENTRY ELEMENTS (KOHA)
Koha item type წიგნი
Source of classification or shelving scheme
ეგზემპლარები
ჩამოწერის სტატუსი დაკარგული ეგზემპლარის სტატუსი კლასიფიკაციის წყარო ან თაროზე გაწყობის სქემა დაზიანების სტატუსი არ გაიცემა მუდმივი მდებარეობა (დაცვის ადგილი) ამჟამინდელი ადგილსამყოფელი თაროზე განთავსების ადგილი შეძენის თარიღი ღირებულება, შესყიდვის ნორმალური ფასი სრული შენახვის შიფრი შტრიხკოდი ბოლო ოპერაციის თარიღი ეგზემპლარის მიმდევრობითი ნომერი (კეტერი?) ფასის ძალაში შესვლის თარიღი ეგზემპლარის სახეობა საჯარო შენიშვნა
          აგრარული და მემბრანული ტექნოლოგიების ინსტიტუტის ბიბლიოთეკა აგრარული და მემბრანული ტექნოლოგიების ინსტიტუტის ბიბლიოთეკა წიგნსაცავი 2018-12-17 2.00 632 ც–75 2819 2018-12-17 2819 2018-12-17 წიგნი 2 ლ.
          აგრარული და მემბრანული ტექნოლოგიების ინსტიტუტის ბიბლიოთეკა აგრარული და მემბრანული ტექნოლოგიების ინსტიტუტის ბიბლიოთეკა წიგნსაცავი 2025-06-13 4.00 633.72(479.223) ც–75 71814 2025-06-13 71814 2025-06-13 წიგნი 4 ლ.